The seven P's to positively enhance performance

Bibliographic Details
Main Author: Ruffalo, Rich
Other Authors: Moretti, Mike
Format: Book
Published: Kuala Lumpur : Golden Books Centre , 2000
Subjects:

MARC

LEADER 00000cam a2200000 7i4500
001 0000014743
005 20080305.0
008 080305
020 |a 983720432X 
090 0 0 |a 158   |b RUF 
100 1 |a Ruffalo, Rich 
245 1 0 |a The seven P's to positively enhance performance   |c Rich Ruffalo, Mike Moretti 
260 |a Kuala Lumpur :   |b Golden Books Centre ,   |c 2000 
650 0 |a Success   |x Psychological aspects 
700 1 |a Moretti, Mike 
999 |a 0000811115   |b Book   |c Adult Collection   |e Cawangan Bandar Penawar 
999 |a 0000818496   |b Book   |c Adult Collection   |e Cawangan Mersing 
999 |a 0001011763   |b Book   |c Adult Collection   |e Perbadanan Perpustakaan Awam Johor 
999 |a 0001011764   |b Book   |c Adult Collection   |e Perbadanan Perpustakaan Awam Johor